000 01621nam0a2200337 4500
001 RU\NLR\BIBL_A\022512558
005 20260420042542.0
010 _a978-5-4428-0217-7
_9200
021 _aRU
_bКН-П-25-008487
_9КН-П-25-0840
035 _a(NLR Aleph) 022512558
090 _a13671423
_c13671423
100 _a20250404d2024 u y0rusy50 ca
101 1 _arus
_cund
102 _aRU
105 _aac||z|||000ay
181 0 _ai3
_baxxe
182 0 _an
200 1 _aВозвращение
_eдрама в четырёх действиях
_fРиза Ишморат
_gавторизованный перевод Рафаила Ишмуратова
_gхудожник: Лариса Исанбет (Бердникова)
203 _aТекст
_bвизуальный
_cнепосредственный
210 _aКазань
_cЗаман
_d2024
215 _a24 с.
_cпортр., цв. ил.
_d25
300 _aНа 4-й с. в аннот. авт.: Р. Ф. Ишмуратов (Риза Ишморат), драматург, публицист, реж., заслуж. деят. искусств Татар. АССР, заслуж. деят. искусств РСФСР
686 2 _aШ6(2=Тат)7-6
700 1 _7ca
_8rus
_aИшмуратов
_bР. Ф.
_f1903-1995
_gРиза Фахрутдинович
_9130347
_3RU\NLR\auth-onl\77288
702 1 _aИсанбет
_bЛ. П.
_gЛариса П.
_4040
942 _cBOOK
980 _aNB